书目信息 |
| 题名: |
领导行为与领导艺术
|
|
| 作者: | 何绍元 主编 | |
| 分册: | ||
| 出版信息: | 哈尔滨 哈尔滨工业大学出版社 1997.10 |
|
| 页数: | 272页 | |
| 开本: | 32开 | |
| 丛书名: | ||
| 单 册: | ||
| 中图分类: | C93 | |
| 科图分类: | ||
| 主题词: | 管理学 | |
| 电子资源: | ||
| ISBN: | 7-5603-1263-2 | |
| 000 | 00565nam0 2200193 45 | |
| 001 | 0009121173 | |
| 005 | 20000912113426.1 | |
| 010 | @a7-5603-1263-2@d10.00元 | |
| 100 | @a20000912d1997 km y0chiy0120 ea | |
| 101 | 0 | @achi |
| 105 | @a z 000yy | |
| 200 | 1 | @a领导行为与领导艺术@ALing Dao Xing Wei Yu Ling Dao Yi Shu@f何绍元主编@FHe Shao Yuan Zhu Bian |
| 210 | @a哈尔滨@c哈尔滨工业大学出版社@d1997.10 | |
| 215 | @a272页@d32开 | |
| 606 | 0 | @a管理学 |
| 690 | @aC93@v3 | |
| 701 | 0 | @a何绍元@4主编 |
| 801 | @aCN@bPftUser@c20000912 | |
| 905 | @b137983-992@dC93@eH925@f10 | |
| 领导行为与领导艺术/何绍元主编.-哈尔滨:哈尔滨工业大学出版社,1997.10 |
| 272页;32开 |
| ISBN 7-5603-1263-2:10.00元 |
| ● |
| 相关链接 |
|
|
|
正题名:领导行为与领导艺术
索取号:C93/H925
 
预约/预借
| 序号 | 登录号 | 条形码 | 馆藏地/架位号 | 状态 | 备注 |
| 1 | 137983 | 201379837 | 社科库509/509社科库 63排4列1层/ [索取号:C93/H925] | 在馆 | |
| 2 | 137984 | 201379846 | 社科库509/509社科库 63排4列1层/ [索取号:C93/H925] | 在馆 | |
| 3 | 137985 | 201379855 | 社科库509/509社科库 63排4列1层/ [索取号:C93/H925] | 在馆 | |
| 4 | 137986 | 201379864 | 社科库509/509社科库 63排4列1层/ [索取号:C93/H925] | 在馆 | |
| 5 | 137987 | 201379873 | 社科库509/509社科库 63排4列1层/ [索取号:C93/H925] | 在馆 | |
| 6 | 137988 | 201379882 | 社科库509/509社科库 63排4列1层/ [索取号:C93/H925] | 在馆 | |
| 7 | 137989 | 201379891 | 社科库509/509社科库 63排4列1层/ [索取号:C93/H925] | 在馆 | |
| 8 | 137990 | 201379908 | 社科库509/509社科库 63排4列1层/ [索取号:C93/H925] | 在馆 | |
| 9 | 137991 | 201379917 | 社科库509/509社科库 63排4列1层/ [索取号:C93/H925] | 在馆 | |
| 10 | 137992 | 201379926 | 社科库509/509社科库 63排4列1层/ [索取号:C93/H925] | 在馆 |